| 000 | 00441nam a22001337a 4500 | ||
|---|---|---|---|
| 020 | _a978-81-87671-94-7 | ||
| 082 |
_a823 _bCAN/C |
||
| 100 | _aJACK CANFIELD, MARK VICTOR HANSEN, MARIA NICKLESS, ELISA MORGAN | ||
| 245 | _aCHICKEN SOUP FOR THE MOTHER OF PRESCHOOLER'S SOUL | ||
| 260 |
_aINDIA _bWESTLAND LTD _c2007 |
||
| 300 | _a271 | ||
| 650 |
_aSTORIES TO REFRESH THE SOUL AND REKINDLE THE SPIRIT OF MOMS OF LITTLE ONES _zUNITED STATES |
||
| 942 | _cBK | ||
| 999 |
_c9 _d9 |
||